000 006000000a22001810004500
090 _aAR
_b02414
245 1 0 _aBiodiversity as an environmental service in Brazil's amazonian forests: risks, value and conservation
650 1 4 _aBosques tropicales
_992765
650 1 4 _aConservación
_992401
650 1 4 _aDeforestación
_9266
650 1 4 _aValoración económica
_94196
650 1 4 _aBiodiversidad
_992204
651 4 _pAmazonia, Brasil
_992749
041 0 _aInglés
100 1 _aFearnside, Philip M.
_994346
942 _cARTICULO
773 1 _tEnvironmental Conservation
_31236
_h4
_q305-321
_d1999
_g26
999 _c11485
_d11485